000 02016cad a22002535a 4500
001 L144250
008 080707e20080702xxkd f s f000 0 eng d
035 _a(Sirsi) u144250
041 0 _aeng
050 0 4 _a333.33 $2 18
110 2 _aNational Housing and Planning Advice Unit
_95426
245 0 0 _aImpact of worsening affordability on demand for social and affordable housing: tenure choice and household formation
_h[electronic resource]
260 _aFareham
_NHPAU
_c2008
490 0 _aNHPAU Research Findings
_v(2)
505 2 _aA simple model of affordability, household formation and tenure choice -- What do key housing indicators suggest about recent trends in tenure? -- Worsening affordability and private renting: The supply of, and demand for, private rented accommodation -- Affordability -- Impact on private renting -- Worsening affordability and social renting -- Worsening affordability and household formation -- What does the CLG Affordability Model tell us? -- What if more market housing was built? -- The implications for affordability of delivering more social homes in place of market homes
520 _aReport looks at the effect of worsening affordability on demand for social and affordable housing. key findings include commentary on the number of people who will need state housing support in future; an end to the downward trend in average household size and the fact that a significant increase in social housing would actually the ratio of lower quartile house prices to earnings from 8.7 to 9.6. by 2011. Also reiterates the fact that an increase in market housing will be the key factor for future improvements to affordability.
521 _aAdvanced
590 _aKA
650 2 4 _aCREDIT CRUNCH
651 4 _aEngland and Wales
_y1543-
690 _aPROPERTY-RESIDENTIAL PROPERTY-RESIDENTIAL PROPERTY MARKET
856 4 0 _uhttps://www.communities.gov.uk/documents/507390/pdf/867691.pdf
_zView the document free of charge at www.communities.gov.uk/nhpau...
942 _n0
999 _c108428
_d108428